Association of Indian management schools : 14 annual report (Record no. 91423)

MARC details
000 -LEADER
fixed length control field 00488nam a2200181Ia 4500
008 - FIXED-LENGTH DATA ELEMENTS--GENERAL INFORMATION
fixed length control field 230125s9999 xx 000 0 und d
041 ## - LANGUAGE CODE
Language code of text/sound track or separate title eng
082 ## - DEWEY DECIMAL CLASSIFICATION NUMBER
Classification number 658
Item number BAT
100 ## - MAIN ENTRY--PERSONAL NAME
Personal name Batra J L
9 (RLIN) 114125
245 ## - TITLE STATEMENT
Title Association of Indian management schools : 14 annual report
250 ## - EDITION STATEMENT
Edition statement 1st Ed.
260 ## - PUBLICATION, DISTRIBUTION, ETC. (IMPRINT)
Date of publication, distribution, etc. 2002
Name of publisher, distributor, etc. AIMS International
Place of publication, distribution, etc. Noida,UP
300 ## - PHYSICAL DESCRIPTION
Extent 180p
500 ## - GENERAL NOTE
Keywords Survey report;Management
650 ## - SUBJECT ADDED ENTRY--TOPICAL TERM
Topical term or geographic name as entry element Management
700 ## - ADDED ENTRY--PERSONAL NAME
Personal name Batra J L
9 (RLIN) 114125
Holdings
Withdrawn status Lost status Damaged status Not for loan Home library Current library Date acquired Vendor Full call number Barcode Date last seen Bill Date Koha item type Original Barcode
        Smt. Hiraben Nanavati Institute of Management & Research for Women Smt. Hiraben Nanavati Institute of Management & Research for Women 04/02/2003 Satya Gilani 658 BAT DB0738 HIMR-DB-738 25/01/2023 04/02/2003 Donated Book DB0738